000 00819nam a2200253 a 4500
001 70214
003 BD-RjUL
005 20211209081957.0
008 170416s1966 nyua b 101 0 eng d
035 _a(BD-RjUL)70428
040 _aDLC/ICU
_cICU
_dBD-RjUL
_beng
041 _aeng
082 0 0 _a515.7
_223
_bFUN 1966
111 2 _aInternational School of Ravello
_n(7th :
_d1965)
_9207941
245 1 0 _aFunctional analysis and optimization /
_cEdited by E.R. Caianiello.
260 _aNew York :
_bAcademic Press,
_c1966.
300 _axiii, 225 p. :
_bill. ;
_c24 cm.
504 _aIncludes bibliographies and index
650 0 _aFunctional analysis
_9207942
650 0 _aMathematical optimization
_9131906
650 0 _aControl theory
_9207943
700 1 _aCaianiello, Eduardo R.,
_d1921-
_9207944
942 _2ddc
_cBK
999 _c70214
_d70214